| 000 | 01249nam a2200349 c 4500 | ||
|---|---|---|---|
| 003 | BLK | ||
| 005 | 20180420231912.0 | ||
| 008 | 180409b bul|||||r ||||||| ||bul|| | ||
| 010 | _aKNG00131154000 | ||
| 040 | _aBLK | ||
| 041 |
_aBUL _cBUL |
||
| 080 |
_aВътрешна политика. Вж и 329 _b323 _x(497.2)(093.3) _z323(497.2)(093.3) |
||
| 100 | 1 |
_aБекяров, Анчо Петков _eпърви автор _9319450 |
|
| 139 |
_aБекяров, Анчо _bБ 32 |
||
| 245 | 1 | 0 |
_aЧетвърт век в УБО _bСпомени _cАнчо Петков Бекяров. |
| 257 | _aBGR | ||
| 260 |
_аСофия _bсп. Летописи _c1990 |
||
| 300 |
_a79 с. _c21 см |
||
| 380 | _a3 | ||
| 490 | 1 | _aБиблиотека Летописи | |
| 500 | _a80 000 тир. | ||
| 650 | 4 |
_aБългария - вътрешна политика - спомени _9244126 |
|
| 651 | 4 |
_aБългария _9241624 |
|
| 653 | _aвътрешна политика | ||
| 653 | _aспомени | ||
| 653 | _aУБО | ||
| 852 | _aЦб 164752 | ||
| 856 | 4 |
_qpdf _u |
|
| 856 | 4 |
_qpdf _u |
|
| 942 |
_cKNG _n0 |
||
| 944 |
_aCR _c08.06.2012 _l08.06.2012 - от С1,Р / 08.06.2012 _kНаталия_Медовщикова |
||
| 944 |
_aED _c08.06.2012 _l08.06.2012 - от С1,Р / 08.06.2012 _k |
||
| 999 |
_c125484 _d125484 |
||